书目信息 |
| 题名: |
德英汉·英德汉词典
|
|
| 作者: | ;王京平 , 李惟嘉 译 ;杜登出版社 , 牛津大学出版社 编 | |
| 分册: | ||
| 出版信息: | 北京 外语教学与研究出版社 2011.03 |
|
| 页数: | 1370页 | |
| 开本: | 20cm | |
| 丛书名: | ||
| 单 册: | ||
| 中图分类: | H061 | |
| 科图分类: | ||
| 主题词: | 德、英、汉--de ying han--词典 | |
| 电子资源: | ||
| ISBN: | 978-7-5600-4728-7 | |
| 000 | 01082nam0 2200277 450 | |
| 001 | B00000008412 | |
| 005 | 20110716163535.31 | |
| 010 | @a978-7-5600-4728-7@b精装@dCNY79.00 | |
| 100 | @a20100201d2011 km y0chiy50 ea | |
| 101 | 1 | @achi@cger@ceng |
| 102 | @aCN@b110000 | |
| 105 | @ay e 000yy | |
| 106 | @ar | |
| 200 | 1 | @a德英汉·英德汉词典@Ade ying han ying de han ci dian@f杜登出版社 (德) , 牛津大学出版社 (英) 编@g王京平, 李惟嘉译 |
| 210 | @a北京@c外语教学与研究出版社@d2011.03 | |
| 215 | @a1370页@d20cm | |
| 330 | @a杜登编辑部与牛津大学出版社联合打造、外研社原版引进,加注精确的汉语释义、现代综合型、实用型、精编型多语词典、词目76000条,近100000条英德译解、多样附录呈现文化常识、培养写作技能和特别适合具有一定英语基础的初、中级德语学习者。 | |
| 586 | @a | |
| 606 | 0 | @a德、英、汉@Ade ying han@j词典 |
| 690 | @aH061@v5 | |
| 702 | 0 | @a王京平@Awang jing ping@4译 |
| 702 | 0 | @a李惟嘉@Ali wei jia@4译 |
| 711 | 02 | @a杜登出版社@Adu deng chu ban she@4编 |
| 711 | 02 | @a牛津大学出版社@Aniu jin da xue chu ban she@4编 |
| 801 | 0 | @aCN@c20110610 |
| 905 | @dH061@eD810@f3 | |
| 德英汉·英德汉词典/杜登出版社 (德) , 牛津大学出版社 (英) 编/王京平, 李惟嘉译.-北京:外语教学与研究出版社,2011.03 |
| 1370页;20cm |
| ISBN 978-7-5600-4728-7(精装):CNY79.00 |
| 杜登编辑部与牛津大学出版社联合打造、外研社原版引进,加注精确的汉语释义、现代综合型、实用型、精编型多语词典、词目76000条,近100000条英德译解、多样附录呈现文化常识、培养写作技能和特别适合具有一定英语基础的初、中级德语学习者。 |
| ● |
| 相关链接 |
|
|
|
正题名:德英汉·英德汉词典
索取号:H061/D810
 
预约/预借
| 序号 | 登录号 | 条形码 | 馆藏地/架位号 | 状态 | 备注 |
| 1 | 885447 | 208854471 | 语言库209/209语言库 68排1列5层/ [索取号:H061/D810] | 在馆 | |
| 2 | 885448 | 208854480 | 语言库209/209语言库 68排1列5层/ [索取号:H061/D810] | 在馆 | |
| 3 | 885449 | 208854499 | 语言库209/209语言库 68排1列5层/ [索取号:H061/D810] | 在馆 |